UM Logo

Contemporary logistics / (Record no. 7835)

MARC details
000 -LEADER
fixed length control field 00697nam a2200193 4500
008 - FIXED-LENGTH DATA ELEMENTS--GENERAL INFORMATION
fixed length control field 171201b xxu||||| |||| 00| 0 eng d
020 ## - INTERNATIONAL STANDARD BOOK NUMBER
International Standard Book Number 0133982491
082 ## - DEWEY DECIMAL CLASSIFICATION NUMBER
Edition number 1996
Classification number DC 658.5
Item number J62
100 ## - MAIN ENTRY--PERSONAL NAME
9 (RLIN) 23769
Personal name Johnson, James C.,author.
245 ## - TITLE STATEMENT
Title Contemporary logistics /
Statement of responsibility, etc. James C. Johnson, Donald F. Wood.
250 ## - EDITION STATEMENT
Edition statement Sixth edition.
260 ## - PUBLICATION, DISTRIBUTION, ETC. (IMPRINT)
Place of publication, distribution, etc. Upper Saddle River, N.J. :
Name of publisher, distributor, etc. Prentice Hall,
Date of publication, distribution, etc. © 1996
300 ## - PHYSICAL DESCRIPTION
Extent xxvi, 622 pages :
Other physical details colored illustration ;
Dimensions 24 cm.
500 ## - GENERAL NOTE
General note Includes bibliographical references and indexes.
650 #0 - SUBJECT ADDED ENTRY--TOPICAL TERM
9 (RLIN) 23770
Topical term or geographic name as entry element Physical distribution of goods.
650 #0 - SUBJECT ADDED ENTRY--TOPICAL TERM
9 (RLIN) 23775
Topical term or geographic name as entry element Business logistics.
700 ## - ADDED ENTRY--PERSONAL NAME
9 (RLIN) 23776
Personal name Wood, Donald F.,author.
942 ## - ADDED ENTRY ELEMENTS (KOHA)
Source of classification or shelving scheme Dewey Decimal Classification
Koha item type Circulation
Holdings
Withdrawn status Lost status Source of classification or shelving scheme Damaged status Not for loan Collection code Home library Current library Date acquired Source of acquisition Total Checkouts Full call number Barcode Date last seen Price effective from Koha item type
    Dewey Decimal Classification     Circulation UM Digos College - LIC UM Digos College - LIC 09/28/1996 Purchased   DC 658.5 J62 1996 12093 05/15/2025 12/01/2017 Circulation